01464nam a22003737a 4500003000500000005001700005008004100022010001000063011001000073020001300083035001100096040000900107082001500116100004300131245010800174260008200282300004700364490002000411590004100431590004100472590004100513590004100554590004200595650003900637650007500676700004300751830002700794901000700821905001800828942001000846949006700856999001700923952015000940CHAP20220329143129.0060612d2005 mx a b r 00110 spa d a92383 a93355 a96867666 a103927 cCHAP04a304.44bW400aWences Reza, Rosalíoecoord.912146710aDimensiones sociales y ambientales del desarrollo regionalc/coord. por Rosalío Wences Reza [y otros] aMéxico :bAsociación Mexicana de Ciencias para el Desarrollo Rural,c2005 a437 p. :bilus.; gráfs.; cuadros, mapas. 3aLa región hoy aBATCH-UPDb10c20130110lUCH01h0358 aBATCH-UPDb10c20130110lUCH01h2044 aBATCH-UPDb10c20130410lUCH01h0031 aBATCH-UPDb10c20130914lUCH01h1145 aCONVERSIONb10c20130109lUCH01h135114aDesarrollo de la comunidad.93196714aDesarrollo socialzMéxicoxDiscursos, ensayos y conferencias.9320810 aWences Reza, Rosalíoecoord.9121467 3aLa región hoy964245 aBK aElisama A. H. cLIBRO a304.44 W4bBCcLIBROd33724000877189eLIBROh106997i103927si c92383d92383 00102ddc4052708GRALaBCbBCcPA_GRALd2019-12-31fLIBROl1m1o304.44 W4p33724000877189r2026-02-16 13:27:48s2026-02-02w2019-12-31yLIBRO